00837 a2200229 45000010003000000050017000030080041000200030015000610400040000760800079001162450093001950200022002882500012003102640046003223000027003680410008003951000017004037000031004207000027004517000018004788560111004962720260407155403.0260407a2003 arg spa dAR-UNSa-BCEJYS aAR-UNSa-BCEJYSbspacAR-UNSa-BCEJYS a(038.2)=111xDiccionario bilingüe español-inglés, inglés-español10aThe Oxford spanish dictionarynGran diccionario OxfordpSpanish-English, English-Spanish a978-0-19-521957-9 a3a. ed. 1aNew York :bOxford University Pressc2003 axlviii, 1977 p.c27 cm aspa1 aRussell, Roy1 aGalimberti Jarman, Beatriz1 aStyles Carvajal, Carol1 aHorwood, Jane41uhttps://biblioeco.unsa.edu.ar/pmb/images/libros/Oxford Spanish Dictionary 2yImagen de portadaqimage/jpeg